| 000 | 00858nam a22001817a 4500 | ||
|---|---|---|---|
| 999 |
_c59437 _d59437 |
||
| 003 | Ge_BSU | ||
| 005 | 20230216120656.0 | ||
| 008 | 230216s2007 ge ||||| |||| 00| 0 geo d | ||
| 041 | _ageo | ||
| 080 | _a347.7(100) + 341.241.8 (075.8) ს-15 | ||
| 245 |
_aსაერთაშორისო სავაჭრო სამართალი : _bხელშეკრულებები, კონვენციები. |
||
| 264 |
_aთბილისი : _b [ბონა კაუზა], _c2007. |
||
| 300 |
_a270 გვ. ; _b20 სმ. |
||
| 490 | _aიურისტის ბიბლიოთეკა | ||
| 653 | _aსაერთაშორისო სავაჭრო სამართალი | ||
| 653 | _aსაერთაშორისო სავაჭრო ხელშეკრულებები | ||
| 942 |
_2udc _cBK |
||